Normal view
MARC view
- Bahadure Anuja
Entry Personal Name
001 - CONTROL NUMBER
- control field: 211769
003 - CONTROL NUMBER IDENTIFIER
- control field: OSt
005 - DATE AND TIME OF LATEST TRANSACTION
- control field: 20250327155441.0
008 - FIXED-LENGTH DATA ELEMENTS
- fixed length control field: 250327|| aca||aabn | a|a d
040 ## - CATALOGING SOURCE
- Original cataloging agency: OSt
- Transcribing agency: OSt
100 ## - HEADING--PERSONAL NAME
- Personal name: Bahadure Anuja
670 ## - SOURCE DATA FOUND
- Source citation: Work cat.: (OSt)365804: Bahadure Anuja, Impact OF Urbanization On Sociability, may 2022